书目信息 |
| 题名: |
经济活动分析
|
|
| 作者: | 巴林格列茨 编 ;王立才 , 侯志刚 , 朱亚芳 译 | |
| 分册: | ||
| 出版信息: | 北京 中国人民大学出版社 1982 |
|
| 页数: | 597页 | |
| 开本: | 21cm | |
| 丛书名: | ||
| 单 册: | ||
| 中图分类: | F275.5 | |
| 科图分类: | ||
| 主题词: | 企业经济 | |
| 电子资源: | ||
| ISBN: | ||
| 000 | 00743nam0 2200229 450 | |
| 001 | 0632895390 | |
| 005 | 20060809090947.15 | |
| 010 | @dCNY2.10 | |
| 100 | @a20060809d1982 km y0chiy0120 ea | |
| 101 | 0 | @achi@crus |
| 102 | @aCN@b110000 | |
| 200 | 1 | @a经济活动分析@Ajing ji huo dong fen xi@f(苏)巴林格列茨编@F(su)ba lin ge lie ci bian@g王立才,侯志刚,朱亚芳译@Gwang li cai,hou zhi gang,zhu ya fang yi |
| 210 | @a北京@c中国人民大学出版社@d1982 | |
| 215 | @a597页@c表格@d21cm | |
| 606 | 0 | @a企业经济 |
| 690 | @aF275.5@v3 | |
| 701 | 0 | @a巴林格列茨@Aba lin ge lie ci@4编 |
| 702 | 0 | @a王立才@Awang li cai@4译 |
| 702 | 0 | @a侯志刚@Ahou zhi gang@4译 |
| 702 | 0 | @a朱亚芳@Azhu ya fang@4译 |
| 801 | 0 | @aCN@bPFT@c20060809 |
| 905 | @a10447@dF275.5@e247 | |
| 经济活动分析/(苏)巴林格列茨编/王立才,侯志刚,朱亚芳译.-北京:中国人民大学出版社,1982 |
| 597页:表格;21cm |
| ISBN :CNY2.10 |
| ● |
| 相关链接 |
|
|
|
|
正题名:经济活动分析
索取号:F275.5/247
 
预约/预借
| 序号 | 登录号 | 条形码 | 馆藏地/架位号 | 状态 | 备注 |
| 1 | 0447766 | 204477663 | 密集书库/ [索取号:F275.5/247] | 在馆 | |
| 2 | 0447767 | 204477672 | 密集书库/ [索取号:F275.5/247] | 在馆 |